Un tambor arara /
Gardado en:
| Autor Principal: | |
|---|---|
| Formato: | Desconocido |
| Idioma: | Spanish |
| Publicado: |
Cuba :
Editorial de Ciencias Sociales,
1994.
|
| Materias: | |
| Etiquetas: |
Engadir etiqueta
Sen Etiquetas, Sexa o primeiro en etiquetar este rexistro!
|
MARC
| LEADER | 000000000a22000000004500 | ||
|---|---|---|---|
| 001 | 002792 | ||
| 020 | |a 9590601359 | ||
| 041 | 0 | |a spa | |
| 082 | 0 | 4 | |a 306.089.983 |b M843t |
| 100 | 1 | |a Moreno, Dennis | |
| 245 | 1 | 3 | |a Un tambor arara / |c Dennis Moreno. |
| 260 | 1 | |a Cuba : |b Editorial de Ciencias Sociales, |c 1994. | |
| 300 | |a 61 páginas : |b ilustraciones a color | ||
| 505 | |a Las seis caras de un tambor -- Un tambor arará -- Las caras ocultas del tambor -- La verdadera cara del tambor | ||
| 650 | 4 | |a INDIGENAS ARARA | |
| 650 | 4 | |a TAMBORES | |
| 650 | 4 | |a CUBA | |
| 650 | 4 | |a INSTRUMENTOS DE PERCUSION | |
| 650 | 4 | |a INFLUENCIA AFRICANA | |
| 999 | |c 9148 |d 9148 | ||
| 942 | |c BK |h 306.089.983 M843t |2 z | ||



